000 00518nam a2200181Ia 4500
003 GCL
008 140319s9999 xx 000 0 eng d
040 _aGCL /
_cGCL
082 0 4 _a005.7565
_bS U
100 1 _aSIMPSON, ALAN
245 1 0 _aUNDERSTANDING DBASE IV 2.0 FOR DOS, 4TH ED /
_cSIMPSON, ALAN
260 _a[S.N] :
_bSYBEX INC. ،
_c1993
300 _a1008 P
650 0 4 _aDBASE IV 2.0 (COMPUTER PROGRM )
650 0 4 _aCOMPUTER PROGRM
650 0 4 _aDOS DEVICE DRIVERS (COMPUTER PROGRAM )
942 _2ddc
_cBK
999 _c10546
_d10546